Informe que ante la Comisión parlamentaria que entiende en el proyecto de Ley de Colonización y Reproducción Interior / (Record no. 74074)

MARC details
000 -LEADER
campo de control de longitud fija 00562nam a2200157 i 4500
001 - NÚMERO DE CONTROL
campo de control 74074
003 - IDENTIFICADOR DE NÚMERO DE CONTROL
campo de control ES-MaACL
005 - FECHA Y HORA DE LA ÚLTIMA TRANSACCIÓN
campo de control 20240426063024.0
007 - CAMPO FIJO DE DESCRIPCIÓN FÍSICA--INFORMACIÓN GENERAL
campo de control de longitud fija t|
008 - DATOS DE LONGITUD FIJA--INFORMACIÓN GENERAL
campo de control de longitud fija 040915s1911 sp ||||1| spa d
100 1# - ENTRADA PRINCIPAL--NOMBRE DE PERSONA
Nombre de persona González del Castillo, Hilarión,
Fechas asociadas al nombre 1869-1941
9 (RLIN) 58582
245 10 - MENCIÓN DEL TÍTULO
Título Informe que ante la Comisión parlamentaria que entiende en el proyecto de Ley de Colonización y Reproducción Interior /
Mención de responsabilidad, etc. presenta Hilarión González del Castillo.
260 ## - PUBLICACIÓN, DISTRIBUCIÓN, ETC.
Lugar de publicación, distribución, etc. Madrid :
Nombre del editor, distribuidor, etc. [s.n.,
Fecha de publicación, distribución, etc. 1911]
852 ## - LOCALIZACIÓN
Ubicación ES-MaACL
Número de control de estantería 1536-F-3
Holdings
Estatus retirado Estado de pérdida Estado de daño No para préstamo Colección Biblioteca de origen Biblioteca actual Ubicación en estantería Fecha de adquisición Fuente de adquisición Total de préstamos Signatura topográfica completa Código de barras Visto por última vez Precio de reemplazo Tipo de ítem Koha
        Colección de folletos Biblioteca del Ateneo de Madrid Biblioteca del Ateneo de Madrid Depósito folletos 17/01/2008     1536-F-3 1077537 23/02/2023 23/02/2023 Folleto